| 000 | 00421cam a2200181ua 4500 | ||
|---|---|---|---|
| 020 | _c3.00 | ||
| 041 |
_ahin _h |
||
| 082 |
_a891.43 _bMYT/YA |
||
| 100 | _aMythilisharan, Gupt . | ||
| 245 |
_aYasodhara / _cMythilisharan Gupt. _hTextual Documents |
||
| 250 |
_a1 / _b. |
||
| 260 |
_a : _bSahithya Sadan , _c1961. |
||
| 300 | _a208 ; . | ||
| 365 | _a3.00 | ||
| 504 | _a | ||
| 942 | _cBK | ||
| 999 |
_c11923 _d11923 |
||